01097nam a2200253 a 450000100100000000500170001000800410002704000250006808200240009310000300011724500370014725000120018426000400019630000280023659000600026459000260032465000160035065000360036691000420040295201360044495201210058095201270070199900150082800000674120240516194749.0090902s2006 dr a r 000 0 spa d aDO-SdBNPbspacBNPHU a641.5bH557co, 20061 aHernández, Xilia91876110aCocinarte 2 /cXilia Hernádez. a2a. ed. aSanto Domingo :bCentenario,c2006. a393 p. :bil. ;c23 cm. aLa biblioteca 3 ejemplares autografiados por la autora. aInventariado, 2018/BT 0aCocina9360 4aPreparación de alimentos9193 aValidado. Control de calidad. MMOLINA 001054708DSaGRbGRcHDd2009-09-02iLF1l0o641.5 H557co, 2006p6741-20r2020-06-25te. 3w2020-06-25yLFDSZPréstamo en sala 0010718PDaPDbPDcHDd2009-09-02iLF1l0o641.5 H557co, 2006p6741-10r2020-06-25w2020-06-25yLFPDZNo se presta 0010718PDaPDbPDcHDd2009-09-03iLF1l0o641.5 H557co, 2006p6741-30r2020-06-25te. 2w2020-06-25yLFPDZNo se presta c6530d6530